| 000 | 00807nam a22002294a 4500 | ||
|---|---|---|---|
| 005 | 20080903163048.0 | ||
| 008 | 080128s2008 ii abf | b 001 0beng | ||
| 010 | _aENG-92576 | ||
| 020 | _c100.00 | ||
| 035 | _aEN-76109 | ||
| 037 | _bDBAD / PUB | ||
| 040 |
_adpl _bEnglish |
||
| 082 | _a921 | ||
| 100 | _aManoharan, P. | ||
| 245 |
_aThe life of singaravelar / _cby P. Manoharan |
||
| 260 |
_aUlunthurpettai _bTamilventhan Pathipagam _c2008 |
||
| 270 |
_a81C, Munusamy Nagar, Easts Kandasamypuram, _bUlunthurpettai _e606107 |
||
| 300 |
_a106p. _c19cm (pbk) |
||
| 600 |
_aSingaravelar Chettiar _xBiography. |
||
| 942 |
_2ddc _cEN _mMAN _h921 |
||
| 999 |
_c21144 _d21144 |
||